| 000 | 00496nam a2200205Ia 4500 | ||
|---|---|---|---|
| 003 | OSt | ||
| 005 | 20230401120356.0 | ||
| 008 | 210210b2002 xxu||||| |||| 00| 0 eng d | ||
| 020 | _a0 7069 7375 5 | ||
| 040 | _cAL | ||
| 041 | _aEnglish | ||
| 082 | _a070 KAMJ | ||
| 100 |
_aKAMATH (M V). _981746 |
||
| 245 | _aJournalist's handbook. | ||
| 260 |
_aNew Delhi. _bVikas Publishing House Pvt Ltd., _c2002 |
||
| 300 | _a313 | ||
| 690 |
_aJournalism _981747 |
||
| 906 | _a057456 | ||
| 942 |
_2ddc _cBK |
||
| 999 |
_c104781 _d104781 |
||